| 000 | 00377 a2200133 4500 | ||
|---|---|---|---|
| 005 | 20250628132944.0 | ||
| 020 | _a0-582-21265-0 | ||
| 082 | _a700 NUF | ||
| 100 | _aNUFFIELD DESIGN & TECHOLOGY | ||
| 245 | _aNuffield Design & Technology Study Guide, | ||
| 260 |
_aHong Kong, _bLongman House, _c2004. |
||
| 300 |
_aiv; 203p: ill; Figure, Picture, _b Index, _c27cm. |
||
| 942 |
_2ddc _cBKS |
||
| 999 |
_c6023 _d6023 |
||